[Event "AUTO-INT-2599"]
[Site "http://www.queenalice.com/game.php?id=1166895"]
[Date "2013.4.1"]
[Round "1"]
[White "raf33700"]
[Black "Peppone"]
[Result "0-1"]
[WhiteElo "1701"]
[BlackElo "1797"]

1. g3 e5 2. Bg2 d5 3. e4 d4 4. d3 Nc6 5. Bd2 Nf6 6. f4 exf4 7. Bxf4 Bb4+ 8. c3
dxc3 9. bxc3 Ba5 10. Ne2 O-O 11. O-O Bg4 12. Bf3 Qd7 13. Qc2 Bb6+ 14. Kg2 Bh3+
15. Kh1 Bxf1 16. Na3 Bxe2 17. Qxe2 Rad8 18. Rd1 a6 19. Nc4 Rfe8 20. d4 Ba7 21.
Ne5 Qc8 22. Nxc6 bxc6 23. e5 Nd5 24. Bxd5 cxd5 25. c4 dxc4 26. Qxc4 Qb7+ 27. Kg1
Qb6 28. Be3 Rxe5 29. Re1 Rxe3 30. Rxe3 Qxd4 31. Qxd4 Bxd4 0-1

[Event "AUTO-INT-2599"]
[Site "http://www.queenalice.com/game.php?id=1166902"]
[Date "2013.4.1"]
[Round "1"]
[White "raf33700"]
[Black "bdpq"]
[Result "1-0"]
[WhiteElo "1683"]
[BlackElo "1610"]

1. c4 d5 2. Nc3 e6 3. cxd5 exd5 4. d4 Bb4 5. Qa4+ Nc6 6. e3 Bd7 7. Bd2 Nf6 8. h3
a6 9. Qc2 Qe7 10. Nf3 Bxc3 11. Bxc3 Ne4 12. Bd3 Nxc3 13. bxc3 O-O-O 14. O-O Bxh3
15. gxh3 Rd6 16. Rfe1 Qd7 17. Bf5 Re6 18. Bxe6 fxe6 19. Ne5 Nxe5 20. dxe5 Qe7
21. f4 g5 22. Kh2 gxf4 23. exf4 Rg8 24. Rg1 Rf8 25. Raf1 Qh4 26. Rg4 Qe7 27. Qf2
c5 28. Rc1 Kb8 29. Rcg1 Ka7 30. Rg7 Rf7 31. Rxf7 Qe8 32. Qxc5+ Kb8 33. Qc7+ 1-0

[Event "AUTO-INT-2599"]
[Site "http://www.queenalice.com/game.php?id=1166903"]
[Date "2013.4.1"]
[Round "1"]
[White "bdpq"]
[Black "raf33700"]
[Result "1-0"]
[WhiteElo "1618"]
[BlackElo "1716"]

1. e4 d5 2. d3 dxe4 3. Nc3 exd3 4. cxd3 e6 5. Qf3 Nf6 6. Bg5 Be7 7. Qg3 g6 8.
Nf3 Nc6 9. Bxf6 Bxf6 10. Ng5 Bxg5 11. Ne4 Be7 12. O-O-O f5 13. Nc3 a6 14. Be2
Bd7 15. Bf3 Bf6 16. Rde1 Rb8 17. Bxc6 Bxc6 18. Rxe6+ Be7 19. Rhe1 Rc8 20. Qg5
Kf7 21. Rxe7+ Qxe7 22. Rxe7+ Kg8 23. Qf6 Re8 24. Qg7# 1-0

[Event "AUTO-OPEN-2956"]
[Site "http://www.queenalice.com/game.php?id=1166965"]
[Date "2013.4.1"]
[Round "1"]
[White "raf33700"]
[Black "Michihall"]
[Result "0-1"]
[WhiteElo "1737"]
[BlackElo "1845"]

1. e4 g6 2. d4 Bg7 3. Nf3 c5 4. Be3 d5 5. e5 Nc6 6. c4 Bg4 7. Nbd2 cxd4 8. Bf4
dxc4 9. Bxc4 e6 10. O-O Nxe5 11. Bxe5 Bxe5 12. Qe2 Ne7 13. Qxe5 O-O 14. Nh4 Nc6
15. Qf4 Qxh4 16. g3 Qh3 17. Nf3 Bxf3 18. Qxf3 Qf5 19. Qe2 a6 20. Bd3 Qf6 21.
Rac1 Nb4 22. Bc4 b5 23. Bb3 Rfd8 24. a3 Nd5 25. Bxd5 Rxd5 26. Rfd1 e5 27. Qe4
Qe6 28. Rc2 Rad8 29. Rd3 f5 30. Qg2 e4 31. Rdd2 d3 32. Rc3 Rd4 33. f3 exf3 34.
Qf2 Qe4 35. Rd1 Qe2 36. Qxe2 fxe2 37. Rcxd3 exd1=Q+ 38. Rxd1 Rxd1+ 39. Kg2 g5
40. Kh3 R1d2 41. g4 R8d3# 0-1

[Event "AUTO-OPEN-2956"]
[Site "http://www.queenalice.com/game.php?id=1166966"]
[Date "2013.4.1"]
[Round "1"]
[White "Michihall"]
[Black "raf33700"]
[Result "0-1"]
[WhiteElo "1864"]
[BlackElo "1686"]

1. d4 d5 2. c4 e6 3. cxd5 exd5 4. Nc3 Nf6 5. Bg5 Be6 6. e4 dxe4 7. Nxe4 Be7 8.
Bxf6 Bxf6 9. Nxf6+ Qxf6 10. Be2 a6 11. Nf3 Bd7 12. O-O O-O 13. h3 Nc6 14. Rc1
Rac8 15. Re1 Rcd8 16. Rc3 Rc8 17. Qd2 Na7 18. Ne5 Bc6 19. Bf3 Nb5 20. Bxc6 Nxc3
21. bxc3 bxc6 22. Nd7 Qd6 23. Nxf8 Rxf8 24. Re5 f6 25. Ra5 Rb8 26. Qc1 Rb6 27.
Qa3 Rb1+ 0-1

[Event "AUTO-OPEN-2956"]
[Site "http://www.queenalice.com/game.php?id=1166969"]
[Date "2013.4.1"]
[Round "1"]
[White "raf33700"]
[Black "clark7a2"]
[Result "0-1"]
[WhiteElo "1657"]
[BlackElo "1530"]

1. d4 d5 2. Nc3 e6 3. Bd2 Nf6 4. e4 dxe4 5. Be3 h6 6. f3 c6 7. Nxe4 Nxe4 8. fxe4
Be7 9. Nf3 O-O 10. Be2 b6 11. O-O Ba6 12. Bxa6 Nxa6 13. a3 Nc7 14. Ne5 Qe8 15.
Qe2 Bf6 16. Bf4 Bxe5 17. Bxe5 Qe7 18. Rad1 Ne8 19. Bg3 Rd8 20. c3 f6 21. e5 f5
22. h3 Rd7 23. Qf3 Rc7 24. Qf4 Rd7 25. Rd2 g5 26. Qf2 f4 27. Bh2 Ng7 28. g3 fxg3
29. Qxg3 Rxf1+ 30. Kxf1 Rd8 31. Kg2 Nf5 32. Qg4 Ne3+ 33. Kg3 Nxg4 34. hxg4 Rf8
35. c4 a6 36. b4 c5 37. b5 a5 38. Kg2 Qf7 39. Bg3 Qf1+ 40. Kh2 Qxc4 41. dxc5
Qxc5 42. a4 Qb4 43. Rd6 Qxa4 44. Rxe6 Qxb5 45. Rxh6 Qe2+ 46. Kh3 Qf1+ 47. Kh2
Kg7 48. Rxb6 Rf2+ 49. Bxf2 Qxf2+ 50. Kh3 Qxb6 51. Kg3 Qe3+ 52. Kg2 Qxe5 53. Kf3
a4 0-1

[Event "AUTO-OPEN-2956"]
[Site "http://www.queenalice.com/game.php?id=1166970"]
[Date "2013.4.1"]
[Round "1"]
[White "clark7a2"]
[Black "raf33700"]
[Result "0-1"]
[WhiteElo "1470"]
[BlackElo "1670"]

1. e4 c5 2. d3 e5 3. Nf3 d6 4. h3 Nc6 5. Be2 Be7 6. O-O Nf6 7. Nh2 O-O 8. Bg4
Bxg4 9. Nxg4 Nxg4 10. Qxg4 Nd4 11. Na3 g6 12. c3 Ne6 13. Bh6 Re8 14. Be3 h5 15.
Qg3 Bg5 16. Bxg5 Qxg5 17. Qxg5 Nxg5 18. Nc4 Re6 19. Ne3 Rc8 20. Rfe1 Kg7 21. Nd5
b6 22. c4 f6 23. b3 Nf7 24. f3 Rb8 25. a4 a6 26. Rab1 a5 27. Rf1 Nh6 28. h4 f5
29. exf5 Nxf5 30. Rbe1 Nd4 31. Rb1 Kh6 32. Rfe1 g5 33. hxg5+ Kxg5 0-1

[Event "AUTO-ADV-2806"]
[Site "http://www.queenalice.com/game.php?id=1167021"]
[Date "2013.4.1"]
[Round "1"]
[White "dladuke7"]
[Black "raf33700"]
[Result "1-0"]
[WhiteElo "1668"]
[BlackElo "1703"]

1. e4 e5 2. Nf3 d6 3. Bc4 Nf6 4. Ng5 Be6 5. Bxe6 fxe6 6. Nxe6 Qe7 7. Ng5 Nc6 8.
O-O O-O-O 9. d3 h6 10. Nf3 Qd7 11. Nc3 a6 12. Be3 b6 13. Nd5 Nxd5 14. exd5 Ne7
15. c4 Nf5 16. Qd2 Kb7 17. b4 b5 18. Rfb1 c6 19. a4 cxd5 20. axb5 axb5 21. Ra7+
Kc6 22. Rxd7 Rxd7 23. cxd5+ Kxd5 24. Qa2+ Kc6 25. Rc1+ Kb7 26. Qd5+ Kb8 27.
Qxb5+ Rb7 28. Qe8# 1-0

[Event "AUTO-ADV-2806"]
[Site "http://www.queenalice.com/game.php?id=1167022"]
[Date "2013.4.1"]
[Round "1"]
[White "raf33700"]
[Black "dladuke7"]
[Result "1-0"]
[WhiteElo "1680"]
[BlackElo "1704"]

1. b4 e5 2. e4 Bxb4 3. Bb2 Nf6 4. Nc3 Bxc3 5. Bxc3 O-O 6. Bxe5 d6 7. Bb2 Nc6 8.
Nf3 Nxe4 9. d3 Nc5 10. Be2 Bg4 11. h3 Bxf3 12. Bxf3 Re8+ 13. Be2 Ne5 14. Bxe5
Rxe5 15. O-O Qf6 16. Bf3 Rae8 17. Qd2 b6 18. Bc6 R8e7 19. Rae1 h6 20. Rxe5 Rxe5
21. d4 Rf5 22. dxc5 bxc5 23. Be4 Re5 24. f3 Re8 25. Re1 Kf8 26. Kf1 g6 27. Bc6
Rxe1+ 28. Qxe1 Qd8 29. Qc3 Qe7 30. Qh8# 1-0

[Event "AUTO-ADV-2806"]
[Site "http://www.queenalice.com/game.php?id=1167037"]
[Date "2013.4.1"]
[Round "1"]
[White "Cubanauta"]
[Black "raf33700"]
[Result "0-1"]
[WhiteElo "1723"]
[BlackElo "1668"]

1. d4 d5 2. c4 e6 3. cxd5 Qxd5 4. Nc3 Qa5 5. Bd2 c6 6. Nf3 Bd6 7. e4 Nd7 8. Nb5
cxb5 9. Bxa5 a6 10. e5 Be7 11. a4 f6 12. exf6 Ngxf6 13. axb5 Nd5 14. bxa6 bxa6
15. Qa4 Bb7 16. Be2 Rc8 17. O-O Bc6 18. Qc2 O-O 19. Qb3 Rb8 20. Qc4 Bb5 21. Qc2
Rfc8 22. Qd2 Bxe2 23. Qxe2 Rc6 24. Ne5 Nxe5 25. Qxe5 Bf6 26. Qe4 Rbc8 27. Bd2
Ne7 28. Rfc1 Rd6 29. Be3 Rxc1+ 30. Bxc1 Rxd4 31. Qxe6+ Kf8 32. Be3 Rd3 33. Rxa6
Rd1# 0-1

[Event "AUTO-ADV-2806"]
[Site "http://www.queenalice.com/game.php?id=1167038"]
[Date "2013.4.1"]
[Round "1"]
[White "raf33700"]
[Black "Cubanauta"]
[Result "0-1"]
[WhiteElo "1681"]
[BlackElo "1747"]

1. g4 e5 2. e4 a6 3. d3 Nc6 4. Be3 Bb4+ 5. c3 Ba5 6. Nf3 d6 7. h3 h6 8. Bg2 g6
9. Nbd2 f5 10. exf5 gxf5 11. Nh2 f4 12. Bxf4 exf4 13. Qe2+ Nge7 14. Bxc6+ bxc6
15. Qf3 Rb8 16. O-O-O Nd5 17. Rhe1+ Kf7 18. Kc2 Be6 19. Ne4 Rb6 20. Rb1 Ke7 21.
b4 Nxb4+ 22. cxb4 Bxb4 23. Rb2 Bxe1 24. Rxb6 cxb6 25. Qxf4 d5 26. Qf6+ Kd7 27.
Qg7+ Kc8 28. Nf6 Bxf2 29. Nf3 Rf8 30. Ne5 Rxf6 31. Nxc6 Qf8 32. Qa7 Qc5+ 33. Kd2
Be3+ 0-1

[Event "AUTO-ADV-2806"]
[Site "http://www.queenalice.com/game.php?id=1167049"]
[Date "2013.4.1"]
[Round "1"]
[White "raf33700"]
[Black "brunooliveira"]
[Result "0-1"]
[WhiteElo "1715"]
[BlackElo "1761"]

1. c3 Nf6 2. d3 e5 3. e4 d5 4. exd5 Nxd5 5. Be2 Bc5 6. Nf3 Nc6 7. c4 Bb4+ 8. Bd2
Bxd2+ 9. Qxd2 O-O 10. cxd5 Qxd5 11. Nc3 Qe6 12. h3 Bd7 13. O-O Rad8 14. Rfe1 Qg6
15. Ne4 Bxh3 16. g3 Nd4 17. Nh4 Nxe2+ 18. Qxe2 Qa6 19. Red1 Qb5 20. b3 Be6 21.
Nc3 Qc5 22. Rac1 Qb6 23. Na4 Qd6 24. Rd2 Rd7 25. Rcd1 Rfd8 26. Nc3 f6 27. Ne4
Qa3 28. d4 Bf7 29. dxe5 Rxd2 30. Rxd2 Rxd2 31. Qxd2 Qe7 32. Nf5 Qxe5 33. Qd8+
Qe8 34. Qxe8+ Bxe8 35. Ne7+ Kf7 36. Nf5 Bc6 37. Nc3 g6 38. Nd4 a6 39. Nxc6 bxc6
40. Na4 Ke7 41. Kg2 h6 42. Nc3 f5 43. f3 Kf6 44. f4 Ke6 45. Kf3 Kd6 46. g4 fxg4+
47. Kxg4 Kc5 48. Na4+ Kb4 49. f5 gxf5+ 50. Kxf5 Ka3 51. Kg6 Kxa2 52. Nc5 a5 53.
Kxh6 Ka3 54. Kg6 Kb4 55. Na6+ Kxb3 56. Nc5+ Ka3 57. Kf6 Kb4 58. Na6+ Kc4 59. Ke7
a4 60. Kd7 a3 61. Kxc6 a2 62. Nxc7 a1=Q 63. Nd5 Qh1 0-1

[Event "AUTO-ADV-2806"]
[Site "http://www.queenalice.com/game.php?id=1167050"]
[Date "2013.4.1"]
[Round "1"]
[White "brunooliveira"]
[Black "raf33700"]
[Result "1-0"]
[WhiteElo "1819"]
[BlackElo "1668"]

1. e4 c5 2. Nc3 e6 3. Nf3 d6 4. g3 Nc6 5. Bg2 e5 6. d3 Be7 7. O-O Nf6 8. h3 Nd4
9. Nxd4 cxd4 10. Ne2 Bd7 11. f4 h6 12. f5 Nh7 13. g4 Bg5 14. Ng3 f6 15. Bxg5
Nxg5 16. h4 Nf7 17. Nh5 O-O 18. Qd2 Kh7 19. Kh2 g5 20. fxg6+ Kxg6 21. Rxf6+ Kh7
22. Raf1 Qe7 23. Bh3 Be6 24. R6f2 Nh8 25. Rxf8 Rxf8 26. Rxf8 Qxf8 27. Ng3 Ng6
28. h5 Nf4 29. Nf5 Bxf5 30. gxf5 Qf6 31. Qb4 b6 32. Qa4 Qf7 33. Bf1 Qxh5+ 34.
Kg1 Qg4+ 35. Kf2 Qh4+ 36. Kg1 Qg3+ 37. Kh1 Qf3+ 38. Kg1 Qg3+ 39. Kh1 Qg7 40. Qc6
Qe7 41. Qc8 Qg7 42. Qd8 Nh5 43. Qh4 Nf6 44. Be2 Qg5 45. Qxg5 hxg5 46. Kg2 Kh6
47. Kg3 d5 48. Bf3 dxe4 49. Bxe4 Kh5 50. Bf3+ g4 51. Be4 Kg5 52. b3 Nh5+ 53. Kg2
Kf4 54. Kf2 g3+ 55. Ke2 Nf6 56. Bg2 Kg4 57. Be4 Kf4 58. Kd2 Kg4 59. Ke2 Kh3 60.
Kf1 Kh2 61. Ba8 a6 62. a3 Ng4 63. Be4 Ne3+ 64. Ke2 g2 65. Bxg2 Nxf5 66. Be4 Ng3+
67. Kf3 Kh3 68. Bb7 a5 69. Bc8+ Kh4 70. Be6 Nf1 71. Ke4 Kg5 72. Kxe5 Nd2 73.
Kxd4 Kf6 74. Bc4 Nb1 75. a4 Ke7 76. Bb5 Kd6 77. c3 Nd2 78. Bc4 Nf3+ 79. Ke3 Ne5
80. Ke4 Nxc4 81. dxc4 Kc5 82. Ke5 b5 83. cxb5 Kb6 84. Kd5 Kb7 85. Kc5 Ka7 86.
Kc6 Kb8 87. Kb6 Kc8 88. Kxa5 Kb7 89. c4 Kc7 90. Ka6 Kd6 91. b6 Kd7 92. b7 Kc7
93. Ka7 1-0

[Event "Challenge"]
[Site "http://www.queenalice.com/game.php?id=1189140"]
[Date "2013.6.8"]
[Round "-"]
[White "jeffcom2f"]
[Black "raf33700"]
[Result "1-0"]
[WhiteElo "1619"]
[BlackElo "1689"]

1. e4 e5 2. Nf3 d6 3. d4 exd4 4. Nxd4 Bd7 5. Nc3 Nc6 6. Nxc6 Bxc6 7. Bc4 Qe7 8.
Bd5 Bxd5 9. Nxd5 Qxe4+ 10. Ne3 Nf6 11. O-O Be7 12. Re1 Qf5 13. Nxf5 1-0

[Event "AUTO-ADV-2724"]
[Site "http://www.queenalice.com/game.php?id=1198508"]
[Date "2013.7.10"]
[Round "2"]
[White "raf33700"]
[Black "ThiagoTanaka"]
[Result "1-0"]
[WhiteElo "1658"]
[BlackElo "1862"]

1. e4 c6 2. Qf3 d5 3. d3 dxe4 4. Qxe4 Nf6 5. Qe2 Bf5 6. f3 e6 7. Bd2 Bc5 8. Nc3
O-O 9. O-O-O Nbd7 10. g3 Qb6 11. Nh3 Bxh3 12. Bxh3 a5 13. Na4 Qa7 14. Rhe1 b5
15. Nc3 b4 16. Ne4 Nxe4 17. dxe4 Be7 18. Qc4 Nb6 19. Qxc6 Rfc8 20. Qb5 Qc7 21.
c3 bxc3 22. Bxc3 Bb4 23. Rd3 Rab8 24. Qg5 g6 25. Qh6 f6 26. Kb1 Na4 27. Bxf6 Bf8
28. Bxe6+ 1-0

[Event "AUTO-ADV-2724"]
[Site "http://www.queenalice.com/game.php?id=1198509"]
[Date "2013.7.10"]
[Round "2"]
[White "ThiagoTanaka"]
[Black "raf33700"]
[Result "1-0"]
[WhiteElo "1834"]
[BlackElo "1678"]

1. d4 e6 2. e4 d5 3. exd5 exd5 4. Nf3 Nc6 5. Bd3 Be7 6. O-O h6 7. Re1 Bd7 8. Nc3
Nf6 9. Bf4 O-O 10. Ne5 Nxe5 11. Bxe5 Bc6 12. Nb5 Bxb5 13. Bxb5 c6 14. Bd3 g6 15.
Re2 Re8 16. Qd2 Kh7 17. Rae1 Qd7 18. Qf4 Kg7 19. h4 Bd6 20. Qxf6+ Kf8 21. Qg7+
Ke7 22. Qf6+ Kf8 23. Qg7+ Ke7 24. Bf6# 1-0

[Event "AUTO-ADV-2724"]
[Site "http://www.queenalice.com/game.php?id=1198510"]
[Date "2013.7.10"]
[Round "2"]
[White "raf33700"]
[Black "Nunes"]
[Result "0-1"]
[WhiteElo "1680"]
[BlackElo "2145"]

1. e4 e5 2. Nf3 Nc6 3. Be2 Nf6 4. d3 d5 5. Nc3 Bb4 6. Bd2 d4 7. Nd5 Nxd5 8. exd5
Qxd5 9. c4 dxc3 10. Bxc3 O-O 11. Qc2 f6 12. a3 Bxc3+ 13. Qxc3 Be6 14. h3 Rfe8
15. O-O Rad8 16. Rad1 Qb3 17. Qxb3 Bxb3 18. Rd2 e4 19. Nh2 Ne5 20. Ng4 exd3 21.
Bd1 Bxd1 22. Rfxd1 Nxg4 23. hxg4 Rd4 24. f3 Red8 25. Kf2 c5 26. Kg3 c4 27. a4
R8d6 28. Rb1 Ra6 29. Ra1 b5 30. a5 b4 31. Kf2 c3 32. bxc3 bxc3 33. Rdd1 Re6 34.
Ra2 c2 35. Rxc2 dxc2 36. Rxd4 c1=Q 37. Rd8+ Kf7 38. Ra8 Qe1# 0-1

[Event "AUTO-ADV-2724"]
[Site "http://www.queenalice.com/game.php?id=1198511"]
[Date "2013.7.10"]
[Round "2"]
[White "Nunes"]
[Black "raf33700"]
[Result "1-0"]
[WhiteElo "2228"]
[BlackElo "1682"]

1. e4 e6 2. d4 c5 3. Be3 cxd4 4. Bxd4 d6 5. Nf3 Nc6 6. Bb5 Bd7 7. O-O e5 8. Be3
a6 9. Bc4 Nf6 10. Nc3 Be7 11. Nd5 Nxd5 12. Bxd5 Qc7 13. Qd2 O-O-O 14. Bxf7 Rhf8
15. Bd5 b6 16. a4 Na7 17. Qb4 a5 18. Qb3 Rde8 19. Bxb6 Qb8 20. Qc3+ Bc6 21. Bxc6
Qxb6 22. Bxe8+ Kb7 23. Bb5 Rc8 24. Qb3 Rc5 25. Qe6 Qc7 26. Bd3 Nc6 27. c3 Nd8
28. Qh3 h6 29. Nd2 Nf7 30. Nb3 Rc6 31. Bb5 Rb6 32. Nxa5+ Ka7 33. Qd3 Nd8 34. b4
Nb7 35. Nc4 Rxb5 36. axb5+ Kb8 37. Ra7 1-0

[Event "Challenge"]
[Site "http://www.queenalice.com/game.php?id=1206484"]
[Date "2013.8.9"]
[Round "-"]
[White "guest12345"]
[Black "raf33700"]
[Result "1-0"]
[WhiteElo "1563"]
[BlackElo "1678"]

1. d4 c5 2. d5 d6 3. c4 e5 4. e4 Nf6 5. Nc3 Bd7 6. Qc2 Be7 7. Be2 O-O 8. Be3 h6
9. f3 a6 10. Nh3 Bxh3 11. gxh3 Nbd7 12. O-O-O Nh7 13. Rhg1 Bg5 14. Bxg5 Nxg5 15.
Rg3 f5 16. exf5 Qf6 17. Qd2 Rae8 18. Rdg1 b6 19. h4 Nxf3 20. Bxf3 Re7 21. Ne4
Qxh4 22. Rg4 Qh3 23. R1g3 Qf1+ 24. Kc2 Qxc4+ 25. Nc3 Qxg4 26. Rxg4 Kh7 27. Qd3
Nf6 28. Rg6 Rfe8 29. Ne4 Nxe4 30. Bxe4 Rf7 31. f6 Kh8 32. Rxh6+ 1-0

[Event "Challenge"]
[Site "http://www.queenalice.com/game.php?id=1218780"]
[Date "2013.9.21"]
[Round "-"]
[White "raf33700"]
[Black "SalsaKing"]
[Result "1/2-1/2"]
[WhiteElo "1603"]
[BlackElo "1776"]

1. e4 e5 2. Nf3 d6 3. h3 h6 4. d4 Qe7 5. Bd3 Nc6 6. d5 Nb8 7. Bb5+ Bd7 8. Nc3 c6
9. Bc4 cxd5 10. Nxd5 Qd8 11. b4 Nf6 12. Qd3 Nc6 13. c3 a6 14. Be3 b5 15. Bb3 Rb8
16. a4 Be6 17. c4 Bxd5 18. cxd5 Nxb4 19. Qe2 Qa5 20. O-O Be7 21. g4 Nxe4 22.
Rfc1 Bg5 23. Bxg5 Nxg5 24. Nxg5 hxg5 25. Kg2 O-O 26. axb5 Qxb5 27. Qxb5 axb5 28.
Rc3 e4 29. Re1 Rbe8 30. Rce3 Re5 31. f3 f5 32. gxf5 Rfxf5 33. Rxe4 Nd3 34. R1e3
Rxe4 35. fxe4 Nf4+ 36. Kg3 Rf8 37. h4 gxh4+ 38. Kxh4 Ng2+ 39. Kg5 Nxe3 1/2-1/2

[Event "Challenge"]
[Site "http://www.queenalice.com/game.php?id=1240077"]
[Date "2013.12.14"]
[Round "-"]
[White "Atalxxi"]
[Black "raf33700"]
[Result "1-0"]
[WhiteElo "1538"]
[BlackElo "1636"]

1. e4 e5 2. Nc3 Nf6 3. Nf3 d6 4. g3 Bg4 5. Bg2 Bxf3 6. Qxf3 Nc6 7. d3 Nd4 8. Qd1
a6 9. b3 b5 10. Be3 c5 11. O-O Be7 12. Bxd4 cxd4 13. Nd5 Nxd5 14. exd5 Qc7 15.
Qg4 Bf6 16. Rfe1 O-O 17. Rac1 a5 18. Be4 g6 19. a3 a4 20. b4 Rad8 21. h4 Qd7 22.
Qf3 1-0

[Event "Challenge"]
[Site "http://www.queenalice.com/game.php?id=1299583"]
[Date "2014.8.5"]
[Round "-"]
[White "JORAM2205"]
[Black "raf33700"]
[Result "1-0"]
[WhiteElo "1692"]
[BlackElo "1616"]

1. e4 e5 2. Nf3 Qf6 3. Nc3 c6 4. d3 h6 5. Be3 Be7 6. Be2 g5 7. h3 d6 8. d4 Nd7
9. d5 Nb6 10. Bxb6 axb6 11. Qd2 Bd7 12. Na4 b5 13. Nb6 Rd8 14. Nxd7 Rxd7 15. Qb4
Rc7 16. Qa5 1-0